Cuestiones de hecho y de derecho en torno al lavado de activos (Registro nro. 21104)
[ vista simple ]
| 000 -LEADER | |
|---|---|
| fixed length control field | 00355 a2200109 4500 |
| 001 - CONTROL NUMBER | |
| control field | ART_42288 |
| 005 - DATE AND TIME OF LATEST TRANSACTION | |
| control field | 20260410161807.0 |
| 008 - FIXED-LENGTH DATA ELEMENTS--GENERAL INFORMATION | |
| fixed length control field | 260409a |
| 100 1# - MAIN ENTRY--PERSONAL NAME | |
| Personal name | Camerini, Marcelo A. |
| 245 10 - TITLE STATEMENT | |
| Title | Cuestiones de hecho y de derecho en torno al lavado de activos |
| 773 0# - HOST ITEM ENTRY | |
| Title | Doctrina Societaria y Concursal |
| Related parts | - Nº 283 (jun. 2011) |
| Record control number | REV4298 |
No hay ítems disponibles.